| LEADER | 00409cam a2200157 7i4500 | ||
|---|---|---|---|
| 001 | 0000004442 | ||
| 005 | 19991025090000.0 | ||
| 002 | ##000005939 | ||
| 020 | 0 | 0 | |a 0-86190-535-0 |
| 090 | 0 | 0 | |a ETIO 910.202 |b SPE |
| 245 | 1 | 0 | |a Spectrum guide to Ethiopia. |
| 260 | 0 | 0 | |a Nairobi: |b Camerapix, |c 1995. |
| 300 | 0 | 0 | |a 364 p.. |
| 650 | 0 | 0 | |x Handbooks |
| 651 | 0 | 0 | |a Ethiopia |
| 999 | |a 0000007256 |b Book |c Open shelf |e Business Information Centre | ||


